<?xml version="1.0" encoding="UTF-8"?>
<record
    xmlns:xsi="http://www.w3.org/2001/XMLSchema-instance"
    xsi:schemaLocation="http://www.loc.gov/MARC21/slim http://www.loc.gov/standards/marcxml/schema/MARC21slim.xsd"
    xmlns="http://www.loc.gov/MARC21/slim">

  <leader>01524nam a22003017a 4500</leader>
  <datafield tag="999" ind1=" " ind2=" ">
    <subfield code="c">22094</subfield>
    <subfield code="d">22094</subfield>
  </datafield>
  <controlfield tag="003">AR-CdUCM</controlfield>
  <controlfield tag="008">190425b           ||||| |||| 00| 0 spa d</controlfield>
  <datafield tag="040" ind1=" " ind2=" ">
    <subfield code="a">MUNICIPALIDAD PROVINCIAL DEL CUSCO</subfield>
    <subfield code="c">BIBLIOTECA MUNICIPAL DEL CUSCO</subfield>
  </datafield>
  <datafield tag="082" ind1=" " ind2=" ">
    <subfield code="a">Parlante/N&#xB0;99/2009</subfield>
  </datafield>
  <datafield tag="110" ind1=" " ind2=" ">
    <subfield code="a">Centro Guam&#xE1;n Poma de Ayala </subfield>
    <subfield code="9">20511</subfield>
  </datafield>
  <datafield tag="245" ind1=" " ind2=" ">
    <subfield code="a">Parlante :</subfield>
    <subfield code="b">Revista del Cusco /</subfield>
  </datafield>
  <datafield tag="260" ind1=" " ind2=" ">
    <subfield code="a">Cusco :</subfield>
    <subfield code="b">Centro de Educaci&#xF3;n y Comunicaci&#xF3;n Guam&#xE1;n Poma de Ayala,</subfield>
    <subfield code="c">2009.</subfield>
  </datafield>
  <datafield tag="300" ind1=" " ind2=" ">
    <subfield code="a">36 p&#xE1;ginas. :</subfield>
    <subfield code="b">ilustraciones ;</subfield>
    <subfield code="c">30 cm.</subfield>
  </datafield>
  <datafield tag="440" ind1=" " ind2=" ">
    <subfield code="a">Parlante revista del Cusco.</subfield>
    <subfield code="n">A&#xF1;o 24, N&#xB0;99, mayo-junio 2009.</subfield>
    <subfield code="9">47434</subfield>
  </datafield>
  <datafield tag="505" ind1=" " ind2=" ">
    <subfield code="a">Contenido: La filosof&#xED;a puede ayudarnos. Leonardo Boff. -- Nuestra ONG acompa&#xF1;a a los sectores populares, entrevista a Jos&#xE9; Mar&#xED;a G&#xF3;mez Garc&#xED;a. -- 30 a&#xF1;o con el Cusco, gobiernos locales. -- La palabra del INC. --  El barrio de San Pedro. -- Cusco se refuerza ante la crisis. Ariana Peralta. -- Hacia la gesti&#xF3;n integrada del agua. Luis S&#xE1;nchez Aragon&#xE9;s. -- Agua o muerte. Juan Galiano Rom&#xE1;n. -- Salvemos el quechua. Juan Galiano Rom&#xE1;n.</subfield>
  </datafield>
  <datafield tag="650" ind1=" " ind2=" ">
    <subfield code="a">Actualidad y pol&#xED;tica</subfield>
    <subfield code="9">47410</subfield>
  </datafield>
  <datafield tag="650" ind1=" " ind2=" ">
    <subfield code="a">Centro Hist&#xF3;rico Cusco</subfield>
    <subfield code="9">46767</subfield>
  </datafield>
  <datafield tag="650" ind1=" " ind2=" ">
    <subfield code="a">Educaci&#xF3;n, cultura y deportes</subfield>
    <subfield code="9">47422</subfield>
  </datafield>
  <datafield tag="650" ind1=" " ind2=" ">
    <subfield code="a">Medio ambiente</subfield>
    <subfield code="9">47423</subfield>
  </datafield>
  <datafield tag="650" ind1=" " ind2=" ">
    <subfield code="a">Salud</subfield>
    <subfield code="9">8684</subfield>
  </datafield>
  <datafield tag="700" ind1=" " ind2=" ">
    <subfield code="a">Peralta, Adriana</subfield>
    <subfield code="9">47414</subfield>
  </datafield>
  <datafield tag="700" ind1=" " ind2=" ">
    <subfield code="a">Laurent, Abel</subfield>
    <subfield code="9">31760</subfield>
  </datafield>
  <datafield tag="700" ind1=" " ind2=" ">
    <subfield code="a">Castro Pozo, Hildebrando</subfield>
    <subfield code="9">11592</subfield>
  </datafield>
  <datafield tag="700" ind1=" " ind2=" ">
    <subfield code="a">Galiano Rom&#xE1;n, Juan</subfield>
    <subfield code="9">47435</subfield>
  </datafield>
  <datafield tag="710" ind1=" " ind2=" ">
    <subfield code="a">Centro Guam&#xE1;n Poma de Ayala</subfield>
    <subfield code="9">20511</subfield>
  </datafield>
  <datafield tag="942" ind1=" " ind2=" ">
    <subfield code="2">ddc</subfield>
    <subfield code="c">PP</subfield>
  </datafield>
  <datafield tag="945" ind1=" " ind2=" ">
    <subfield code="a">vhl</subfield>
  </datafield>
  <datafield tag="952" ind1=" " ind2=" ">
    <subfield code="0">0</subfield>
    <subfield code="2">ddc</subfield>
    <subfield code="4">0</subfield>
    <subfield code="7">0</subfield>
    <subfield code="a">HEM</subfield>
    <subfield code="b">HEM</subfield>
    <subfield code="c">CART</subfield>
    <subfield code="d">2022-03-03</subfield>
    <subfield code="g">5.00</subfield>
    <subfield code="o">Parlante/N&#xB0;99/2009</subfield>
    <subfield code="p">REVC000757</subfield>
    <subfield code="r">2022-03-03</subfield>
    <subfield code="y">PP</subfield>
  </datafield>
</record>
